[Event "GRE-chT 43rd"]
[Site "Porto Rio"]
[Date "2015.10.12"]
[Round "7.10"]
[White "Soukos, Konstantinos"]
[Black "Kyriakides, Thrasos"]
[Result "1-0"]
[WhiteElo "2110"]
[BlackElo "2139"]
[PlyCount "35"]
[EventDate "2015.10.08"]
[EventType "team-swiss"]
[EventRounds "7"]
[EventCountry "GRE"]
[SourceTitle "CBM 168 Extra"]
[Source "ChessBase"]
[SourceDate "2015.10.29"]
[SourceVersion "1"]
[SourceVersionDate "2015.10.29"]
[SourceQuality "1"]
[WhiteTeam "Elefsinas STM"]
[BlackTeam "Alexandroupolis Ethnikos"]
[WhiteTeamCountry "GRE"]
[BlackTeamCountry "GRE"]

1. e4 e5 2. Nf3 Nf6 3. Nxe5 d6 4. Nf3 Nxe4 5. Bd3 Nc5 6. Be2 Be7 7. 0-0 0-0 8. d4 Ne4 9. c4 c6 10. Bd3 d5 11. Re1 Nd6 12. cxd5 cxd5 13. Nc3 Nc4 14. Rxe7 Qxe7 15. Nxd5 Qd8 16. Bxc4 Be6 17. Bg5 Qd7 18. Ne5 1-0

[Event "Isthmia op 3rd"]
[Site "Vrachati"]
[Date "2013.08.22"]
[Round "6"]
[White "Soukos, Konstantinos"]
[Black "Pavlovic, Milos"]
[Result "0-1"]
[WhiteElo "2124"]
[BlackElo "2511"]
[PlyCount "72"]
[EventDate "2013.08.18"]
[EventType "swiss"]
[EventRounds "9"]
[EventCountry "GRE"]
[SourceTitle "CBM 156 Extra"]
[Source "ChessBase"]
[SourceDate "2013.10.22"]
[SourceVersion "1"]
[SourceVersionDate "2013.10.22"]
[SourceQuality "1"]

1. e4 c5 2. Nc3 e6 3. Nf3 d6 4. d4 cxd4 5. Nxd4 a6 6. Bd3 Nf6 7. Be3 b5 8. 0-0 Bb7 9. f4 Nbd7 10. a3 Rc8 11. Qf3 Nc5 12. f5 e5 13. Nde2 Be7 14. Bg5 Nxd3 15. Qxd3 Ng4 16. Bxe7 Qxe7 17. Rad1 Nf6 18. Qxd6 Nxe4 19. Nxe4 Bxe4 20. c3 Rd8 21. Qxa6 0-0 22. Ng3 Bd3 23. Rfe1 Qc7 24. Rxd3 Rxd3 25. Qxb5 Rd2 26. Qxe5 Qb6+ 27. Kh1 Qxb2 28. f6 Rxg2 29. Nf5 Qf2 30. Rb1 gxf6 31. Nh6+ Kg7 32. Nf5+ Kg8 33. Nh6+ Kh8 34. Qh5 Rg5 35. Nxf7+ Rxf7 36. Rb8+ Kg7 0-1

[Event "Isthmia op 3rd"]
[Site "Vrachati"]
[Date "2013.08.19"]
[Round "3"]
[White "Soukos, Konstantinos"]
[Black "Sambuev, Bator"]
[Result "1/2-1/2"]
[WhiteElo "2124"]
[BlackElo "2524"]
[PlyCount "106"]
[EventDate "2013.08.18"]
[EventType "swiss"]
[EventRounds "9"]
[EventCountry "GRE"]
[SourceTitle "CBM 156 Extra"]
[Source "ChessBase"]
[SourceDate "2013.10.22"]
[SourceVersion "1"]
[SourceVersionDate "2013.10.22"]
[SourceQuality "1"]

1. e4 e6 2. Nc3 d5 3. d4 Bb4 4. Bd3 c5 5. a3 Bxc3+ 6. bxc3 c4 7. Bf1 Qa5 8. Bd2 Nf6 9. e5 Ne4 10. Ne2 0-0 11. Ng3 Nxd2 12. Qxd2 Nd7 13. Be2 f6 14. f4 fxe5 15. fxe5 Nb6 16. Bf3 Na4 17. Ne2 Bd7 18. 0-0 Qd8 19. g3 h6 20. h4 b5 21. Kg2 Qe7 22. Nf4 Rxf4 23. Qxf4 Nxc3 24. Qd2 Na4 25. Bh5 Be8 26. Bxe8 Qxe8 27. Rf4 Qg6 28. Raf1 Nb6 29. Qf2 c3 30. Qe2 Nc4 31. R1f3 Nxa3 32. Rxc3 Nc4 33. Rg4 Qf5 34. Rf4 Qg6 35. Rg4 Qh7 36. h5 Qf5 37. Rf4 Qg5 38. Rg4 Qc1 39. Rf3 a5 40. Qd3 Qd2+ 41. Qxd2 Nxd2 42. Rf6 Nc4 43. Kf2 a4 44. Rxh6 a3 45. Rxe6 Kf7 46. Reg6 Nxe5 47. dxe5 a2 48. Rxg7+ Ke6 49. R4g6+ Kxe5 50. Re7+ Kf5 51. Rf7+ Ke5 52. Re7+ Kf5 53. Rf7+ Ke5 1/2-1/2

[Event "Rethymno op 5th"]
[Site "Rethymno"]
[Date "2013.07.30"]
[Round "4"]
[White "Papadopoulos, Argirios"]
[Black "Soukos, Konstantinos"]
[Result "1-0"]
[WhiteElo "1927"]
[BlackElo "2142"]
[PlyCount "49"]
[EventDate "2013.07.28"]
[EventType "swiss"]
[EventRounds "9"]
[EventCountry "GRE"]
[SourceTitle "CBM 155 Extra"]
[Source "ChessBase"]
[SourceDate "2013.08.26"]
[SourceVersion "1"]
[SourceVersionDate "2013.08.26"]
[SourceQuality "1"]

1. e4 e5 2. Nf3 Nc6 3. Bb5 a6 4. Ba4 d6 5. Bxc6+ bxc6 6. d4 f6 7. Nc3 Ne7 8. 0-0 Ng6 9. h3 Be7 10. Qe2 Be6 11. Be3 0-0 12. Rad1 Qb8 13. b3 Qb7 14. Bc1 Rae8 15. Rde1 d5 16. exd5 cxd5 17. dxe5 fxe5 18. Nxe5 Nxe5 19. Qxe5 Bc5 20. Be3 Bd6 21. Qh5 c5 22. Nxd5 g6 23. Qg5 Rf5 24. Nf6+ Kh8 25. Qh4 1-0

[Event "Nikea Fysiolatriko-A 11th"]
[Site "Nikea"]
[Date "2013.06.22"]
[Round "4"]
[White "Soukos, Konstantinos"]
[Black "Korniotis, Filippos"]
[Result "1-0"]
[WhiteElo "2142"]
[BlackElo "1884"]
[PlyCount "57"]
[EventDate "2013.06.19"]
[EventType "swiss"]
[EventRounds "9"]
[EventCountry "GRE"]
[SourceTitle "EXT 2024"]
[Source "ChessBase"]
[SourceDate "2023.10.10"]
[SourceVersion "1"]
[SourceVersionDate "2023.10.10"]
[SourceQuality "1"]

1. e4 d5 2. exd5 Nf6 3. Nf3 Qxd5 4. d4 Nc6 5. Be2 Bg4 6. Be3 0-0-0 7. Nbd2 h5 8. a3 Qf5 9. c4 Bxf3 10. Nxf3 e5 11. d5 Ng4 12. Qa4 Nxe3 13. fxe3 Nb8 14. Qxa7 Qc2 15. Qa5 Qxb2 16. Kf2 b6 17. Qd2 Qxd2 18. Nxd2 f5 19. a4 Kb7 20. Rhb1 Na6 21. a5 Bc5 22. Nb3 f4 23. Nxc5+ Nxc5 24. axb6 Ne4+ 25. Ke1 cxb6 26. Bf3 Ng5 27. c5 Ra8 28. Rxb6+ Kc7 29. d6+ 1-0

[Event "Nikea Fysiolatriko-A 11th"]
[Site "Nikea"]
[Date "2013.06.19"]
[Round "1"]
[White "Salahidou, Reveka"]
[Black "Soukos, Konstantinos"]
[Result "0-1"]
[WhiteElo "1705"]
[BlackElo "2142"]
[PlyCount "116"]
[EventDate "2013.06.19"]
[EventType "swiss"]
[EventRounds "9"]
[EventCountry "GRE"]
[SourceTitle "EXT 2024"]
[Source "ChessBase"]
[SourceDate "2023.10.10"]
[SourceVersion "1"]
[SourceVersionDate "2023.10.10"]
[SourceQuality "1"]

1. e4 e5 2. Nf3 Nc6 3. Bb5 g6 4. Nc3 Bg7 5. d3 h6 6. Be3 a6 7. Bc4 Na5 8. Bb3 Nxb3 9. axb3 d6 10. h3 Ne7 11. d4 Be6 12. Qd2 Qc8 13. dxe5 dxe5 14. Bc5 Nc6 15. Nd5 Qd7 16. Qd3 f5 17. 0-0-0 0-0-0 18. Qe3 Qf7 19. Nb4 Nxb4 20. Bxb4 fxe4 21. Qa7 Bd5 22. Qa8+ Kd7 23. Qa7 Ke6 24. Nd2 Ra8 25. Qe3 Qf4 26. Qe2 e3 27. fxe3 Qxb4 28. e4 Bc6 29. Qg4+ Kf7 30. Rhf1+ Bf6 31. Nc4 Qe7 32. Ne3 Rad8 33. Rxf6+ Qxf6 34. Rf1 Qxf1+ 35. Nxf1 Rd4 36. Ng3 Rhd8 37. Kb1 Rd1+ 38. Ka2 R1d2 39. Qf3+ Kg7 40. Qc3 R8d4 41. Qc5 Kf6 42. Qf8+ Ke6 43. Qxh6 Rxc2 44. Qxg6+ Kd7 45. Qg7+ Kc8 46. Qxe5 Rdd2 47. Qh8+ Rd8 48. Qf6 b6 49. Nf1 Rd3 50. Qf5+ Bd7 51. Qf8+ Kb7 52. Qh6 Rxg2 53. h4 Bc6 54. Qf4 Re2 55. Qc1 Bxe4 56. Qc4 Re1 57. Qe6 Rdd1 58. Ka3 a5 0-1

[Event "Paleochora op 5th"]
[Site "Paleochora"]
[Date "2012.07.17"]
[Round "2"]
[White "Soukos, Konstantinos"]
[Black "Swiercz, Dariusz"]
[Result "0-1"]
[WhiteElo "2121"]
[BlackElo "2595"]
[PlyCount "120"]
[EventDate "2012.07.16"]
[EventType "swiss"]
[EventRounds "9"]
[EventCountry "GRE"]
[SourceTitle "CBM 149 Extra"]
[Source "ChessBase"]
[SourceDate "2012.08.24"]
[SourceVersion "1"]
[SourceVersionDate "2012.08.24"]
[SourceQuality "1"]

1. b3 e5 2. Bb2 Nc6 3. e3 Nf6 4. Bb5 Bd6 5. Ne2 a6 6. Bxc6 dxc6 7. d3 c5 8. Nd2 b5 9. e4 0-0 10. 0-0 Nh5 11. f4 exf4 12. e5 Be7 13. Nxf4 Nxf4 14. Rxf4 Bg5 15. Re4 Rb8 16. Re1 c4 17. Ne4 cxd3 18. Qxd3 Bh4 19. g3 Be7 20. Qf3 Qd7 21. Rad1 Qe6 22. Qf2 Qg6 23. Nc5 Bg4 24. Nd7 Rfd8 25. Nxb8 Bxd1 26. e6 Rxb8 27. Qxf7+ Qxf7 28. exf7+ Kxf7 29. Rxd1 Bd6 30. Rf1+ Kg6 31. Re1 h5 32. Kg2 Rf8 33. Re2 Rf5 34. Re6+ Kf7 35. Re2 Rd5 36. Rf2+ Kg6 37. Re2 Rd1 38. Re6+ Kf5 39. Re2 g5 40. Bc3 g4 41. h3 b4 42. hxg4+ hxg4 43. Bb2 Rd5 44. Bh8 Kg6 45. Ba1 Ra5 46. c4 Rf5 47. Bd4 Rf3 48. Be5 Kf5 49. Bxd6 cxd6 50. Rd2 Rc3 51. Kf2 Ke4 52. Re2+ Kd4 53. Rd2+ Rd3 54. Rc2 a5 55. c5 dxc5 56. Rc4+ Kd5 57. Rxg4 Rd2+ 58. Ke3 Rxa2 59. Kd3 Rb2 60. Rg5+ Kc6 0-1

[Event "GRE-chT 40th"]
[Site "Achaia"]
[Date "2012.07.01"]
[Round "2.11"]
[White "Fakaros, Georgios"]
[Black "Soukos, Konstantinos"]
[Result "1/2-1/2"]
[WhiteElo "2009"]
[BlackElo "2121"]
[PlyCount "96"]
[EventDate "2012.06.30"]
[EventType "team-swiss"]
[EventRounds "7"]
[EventCountry "GRE"]
[SourceTitle "CBM 149 Extra"]
[Source "ChessBase"]
[SourceDate "2012.08.24"]
[SourceVersion "1"]
[SourceVersionDate "2012.08.24"]
[SourceQuality "1"]
[WhiteTeam "Tzelepis Ikaria"]
[BlackTeam "Elefsinas STM"]
[WhiteTeamCountry "GRE"]
[BlackTeamCountry "GRE"]

1. e4 e5 2. Nf3 Nc6 3. Bc4 Nf6 4. d3 Be7 5. 0-0 0-0 6. Bg5 d6 7. Bxf6 Bxf6 8. h3 Na5 9. Bb3 Nxb3 10. axb3 c6 11. Re1 Re8 12. Nc3 d5 13. Qd2 d4 14. Ne2 c5 15. b4 Qc7 16. c4 cxb4 17. Qxb4 Bd7 18. Qd2 a5 19. Ra2 Be7 20. Rea1 Bb4 21. Qd1 b5 22. b3 Rac8 23. Ne1 Bxe1 24. Qxe1 a4 25. cxb5 Bxb5 26. Qd1 axb3 27. Qxb3 Bd7 28. Ra7 Be6 29. Rxc7 Bxb3 30. Raa7 Rxc7 31. Rxc7 g6 32. f4 Bd1 33. Kf1 Bxe2+ 34. Kxe2 exf4 35. Rd7 f5 36. Kf3 fxe4+ 37. dxe4 g5 38. h4 gxh4 39. Rxd4 Kf7 40. Rd7+ Ke6 41. Rxh7 Rg8 42. Rxh4 Rg3+ 43. Kxf4 Rxg2 44. Rh6+ Ke7 45. Kf5 Ra2 46. Rh7+ Ke8 47. e5 Ra6 48. e6 Ra1 1/2-1/2

[Event "GRE-chT 40th"]
[Site "Achaia"]
[Date "2012.06.30"]
[Round "1.10"]
[White "Soukos, Konstantinos"]
[Black "Papadakis, Michalis"]
[Result "0-1"]
[WhiteElo "2121"]
[BlackElo "2211"]
[PlyCount "108"]
[EventDate "2012.06.30"]
[EventType "team-swiss"]
[EventRounds "7"]
[EventCountry "GRE"]
[SourceTitle "CBM 149 Extra"]
[Source "ChessBase"]
[SourceDate "2012.08.24"]
[SourceVersion "1"]
[SourceVersionDate "2012.08.24"]
[SourceQuality "1"]
[WhiteTeam "Elefsinas STM"]
[BlackTeam "Heraklion CN"]
[WhiteTeamCountry "GRE"]
[BlackTeamCountry "GRE"]

1. e4 c5 2. Nf3 d6 3. d4 cxd4 4. Nxd4 Nf6 5. Nc3 a6 6. Bg5 e6 7. f4 Nc6 8. Nxc6 bxc6 9. e5 h6 10. Bh4 g5 11. fxg5 Nd5 12. Ne4 Qb6 13. Bd3 Qxb2 14. 0-0 Qxe5 15. Qf3 hxg5 16. Qxf7+ Kd8 17. Bxg5+ Be7 18. Bxe7+ Nxe7 19. h3 Ra7 20. Rae1 Qd4+ 21. Kh1 Nf5 22. c3 Rxf7 23. cxd4 Rg7 24. Rxf5 exf5 25. Nxd6 f4 26. Nxc8 Kxc8 27. Bxa6+ Kc7 28. Kh2 Ra8 29. Bf1 Rxa2 30. Re4 f3 31. Rg4 Rxg4 32. hxg4 Ra1 33. Kg1 fxg2 34. Kxg2 Rd1 35. g5 Rxd4 36. Kf3 Kd6 37. g6 Ke7 38. Ke3 c5 39. Bd3 Kf6 40. Bc2 Rd7 41. Bd3 Re7+ 42. Kd2 Re5 43. Kc3 Rg5 44. Kc4 Ke7 45. Kc3 Kd6 46. Bc2 Rg3+ 47. Kc4 Rg4+ 48. Kc3 Kd5 49. Bb3+ c4 50. Bc2 Rg3+ 51. Kb4 Kd4 52. Bf5 Rg2 53. Ka3 Kc3 54. Be4 Rg4 0-1

[Event "Nikaia Fysiolatriko op 09th"]
[Site "Nikaia"]
[Date "2011.06.23"]
[Round "9"]
[White "Soukos, Konstantinos"]
[Black "Stefanidi, Maria Anna"]
[Result "1-0"]
[WhiteElo "2105"]
[BlackElo "2055"]
[PlyCount "111"]
[EventDate "2011.06.16"]
[EventType "swiss"]
[EventRounds "9"]
[EventCountry "GRE"]
[SourceTitle "CBM 143 Extra"]
[Source "ChessBase"]
[SourceDate "2011.08.29"]
[SourceVersion "1"]
[SourceVersionDate "2011.08.29"]
[SourceQuality "1"]

1. e4 c5 2. Nc3 Nc6 3. Nf3 g6 4. d4 cxd4 5. Nxd4 Bg7 6. Be3 Nf6 7. Nxc6 bxc6 8. e5 Nd5 9. Nxd5 cxd5 10. Qxd5 Rb8 11. Bc4 0-0 12. 0-0 Bb7 13. Qd4 d6 14. Qxa7 Bxe5 15. Bh6 Re8 16. c3 Qc8 17. Be2 Bd5 18. b3 Qxc3 19. Rad1 Qc6 20. Rc1 Qa8 21. Qxa8 Rxa8 22. Rfd1 Be6 23. Rc2 d5 24. Be3 Bf5 25. Bd3 Bxd3 26. Rxd3 e6 27. f4 Bf6 28. Kf2 h6 29. Bd4 Be7 30. Rdc3 g5 31. g3 Kh7 32. Kf3 Kg6 33. Be5 f6 34. Bc7 gxf4 35. gxf4 Kf5 36. a4 d4 37. Rc6 e5 38. fxe5 fxe5 39. Rxh6 e4+ 40. Kf2 e3+ 41. Kf3 Rh8 42. Rxh8 Rxh8 43. Rc6 Rh3+ 44. Ke2 Rh8 45. Kd3 Rc8 46. a5 Bf6 47. a6 Re8 48. Rc2 Ra8 49. Ra2 e2 50. Ra5+ Ke6 51. Kxe2 Kd7 52. Bf4 Kc6 53. a7 Bd8 54. Ra4 Bb6 55. Bb8 Bc7 56. Rc4+ 1-0

[Event "Heraklio op 13th"]
[Site "Heraklion"]
[Date "2009.06.18"]
[Round "6"]
[White "Nikolaidis, Konstantinos"]
[Black "Soukos, Konstantinos"]
[Result "0-1"]
[WhiteElo "2270"]
[BlackElo "2087"]
[PlyCount "72"]
[EventDate "2009.06.13"]
[EventType "swiss"]
[EventRounds "9"]
[EventCountry "GRE"]
[SourceTitle "EXT 2011"]
[Source "ChessBase"]
[SourceDate "2010.11.26"]
[SourceVersion "1"]
[SourceVersionDate "2010.11.26"]
[SourceQuality "1"]
[WhiteTeam "Greece"]
[BlackTeam "Turkey"]
[WhiteTeamCountry "GRE"]
[BlackTeamCountry "TUR"]

1. d4 Nf6 2. c4 g6 3. Nc3 Bg7 4. Nf3 0-0 5. Bf4 d6 6. e3 Nc6 7. Be2 Nh5 8. Bg5 h6 9. Bh4 g5 10. Nd2 gxh4 11. Bxh5 e5 12. d5 Nb4 13. 0-0 a5 14. a3 Na6 15. e4 Qg5 16. Kh1 Bd7 17. Be2 Bf6 18. g3 Kh8 19. Nf3 Qg7 20. gxh4 Rg8 21. Rg1 Qh7 22. Qc2 Rxg1+ 23. Rxg1 Rg8 24. Rg3 Bg4 25. h3 Bxf3+ 26. Bxf3 Bxh4 27. Rg4 Rxg4 28. Bxg4 Qg6 29. Bc8 Qf6 30. Kg2 Nc5 31. Bf5 Qg5+ 32. Kf1 Qf4 33. Qe2 Qh2 34. Qf3 Nb3 35. Nb1 Nd4 36. Qg2 Qf4 0-1

[Event "Heraklio op 13th"]
[Site "Heraklion"]
[Date "2009.06.14"]
[Round "2"]
[White "Managadze, Nikoloz"]
[Black "Soukos, Konstantinos"]
[Result "1-0"]
[WhiteElo "2455"]
[BlackElo "2087"]
[PlyCount "99"]
[EventDate "2009.06.13"]
[EventType "swiss"]
[EventRounds "9"]
[EventCountry "GRE"]
[SourceTitle "EXT 2011"]
[Source "ChessBase"]
[SourceDate "2010.11.26"]
[SourceVersion "1"]
[SourceVersionDate "2010.11.26"]
[SourceQuality "1"]
[WhiteTeam "Greece"]
[BlackTeam "Turkey"]
[WhiteTeamCountry "GRE"]
[BlackTeamCountry "TUR"]

1. e4 e5 2. Nf3 Nc6 3. Bc4 Nf6 4. d3 Be7 5. 0-0 0-0 6. Re1 d6 7. c3 h6 8. Bb3 Nh7 9. d4 Bg4 10. Ba4 Ng5 11. Bxg5 Bxg5 12. Bxc6 bxc6 13. dxe5 Bxf3 14. Qxf3 dxe5 15. Na3 Qe7 16. g3 Qe6 17. Qf5 Qxf5 18. exf5 Bf6 19. Nc4 Rab8 20. Rad1 Rfd8 21. Rxd8+ Rxd8 22. Nxe5 Bxe5 23. Rxe5 Rd2 24. Re8+ Kh7 25. Re7 f6 26. Rxc7 Rxb2 27. Rxa7 Rc2 28. Ra3 h5 29. Kg2 h4 30. gxh4 Kh6 31. Kg3 Kh7 32. f3 Kh6 33. h3 Kh7 34. Kg4 Kh6 35. Kf4 Kh7 36. Ke4 Rh2 37. Ra6 Rxh3 38. Rxc6 Rxh4+ 39. f4 Rh2 40. a4 Ra2 41. Ra6 Rc2 42. Rc6 Ra2 43. Rc4 Kh6 44. Rb4 Kh5 45. c4 Kg4 46. c5 Rc2 47. Kd5 Kxf5 48. c6 g5 49. fxg5 fxg5 50. Rc4 1-0

[Event "Nikaia op 15th"]
[Site "Nikaia"]
[Date "2007.08.29"]
[Round "8"]
[White "Sgouros, Apostolos"]
[Black "Soukos, Konstantinos"]
[Result "1-0"]
[WhiteElo "1918"]
[BlackElo "2158"]
[PlyCount "120"]
[EventDate "2007.08.23"]
[EventType "swiss"]
[EventRounds "9"]
[EventCountry "GRE"]
[SourceTitle "CBM 120 Extra"]
[Source "ChessBase"]
[SourceDate "2007.11.01"]
[SourceVersion "1"]
[SourceVersionDate "2007.11.01"]
[SourceQuality "1"]

1. d4 Nf6 2. c4 g6 3. Nc3 Bg7 4. e4 d6 5. f4 c5 6. d5 0-0 7. Nf3 a6 8. a4 Bg4 9. Be2 e6 10. 0-0 exd5 11. cxd5 Nbd7 12. Nd2 Bxe2 13. Qxe2 Re8 14. Qd3 c4 15. Qf3 Rc8 16. a5 Rc5 17. Ra4 Rxa5 18. Rxc4 Rc5 19. Rb4 b5 20. Nb3 Rc4 21. Rxc4 bxc4 22. Nd2 Nc5 23. e5 dxe5 24. Nxc4 e4 25. Qd1 Nd3 26. d6 Nxc1 27. Qxc1 Qc8 28. b3 Ng4 29. h3 Qc5+ 30. Kh1 Nf2+ 31. Kh2 Nd3 32. Qd2 Qd4 33. Ne2 Qd5 34. Rd1 Bh6 35. Qe3 f5 36. Nb2 Qxb3 37. Rxd3 Qxb2 38. Rb3 Qf6 39. Rb6 Rd8 40. Rxa6 Rxd6 41. Qb3+ Kh8 42. Ra7 Bg7 43. Rf7 Qd8 44. Qb7 Qg8 45. Rxg7 Qxg7 46. Qb8+ Qg8 47. Qxd6 Qc4 48. Qd4+ Qxd4 49. Nxd4 Kg7 50. g4 Kf6 51. g5+ Kg7 52. Kg3 Kh8 53. Kf2 Kg7 54. Ke3 Kh8 55. Nc2 Kg7 56. Kd4 Kh8 57. Ne3 h6 58. h4 hxg5 59. hxg5 Kg8 60. Ke5 Kg7 1-0

[Event "Nikaia op 15th"]
[Site "Nikaia"]
[Date "2007.08.27"]
[Round "6"]
[White "Savoglou, Nikolaos"]
[Black "Soukos, Konstantinos"]
[Result "1-0"]
[WhiteElo "1934"]
[BlackElo "2158"]
[PlyCount "129"]
[EventDate "2007.08.23"]
[EventType "swiss"]
[EventRounds "9"]
[EventCountry "GRE"]
[SourceTitle "CBM 120 Extra"]
[Source "ChessBase"]
[SourceDate "2007.11.01"]
[SourceVersion "1"]
[SourceVersionDate "2007.11.01"]
[SourceQuality "1"]

1. d4 Nf6 2. c4 g6 3. Nc3 Bg7 4. e4 d6 5. Nf3 0-0 6. h3 Na6 7. Bg5 e5 8. d5 Qe8 9. Be2 Nh5 10. g3 f5 11. Nd2 Nf6 12. g4 c6 13. f3 cxd5 14. cxd5 Bd7 15. 0-0 Nc5 16. a4 h5 17. Nc4 Qb8 18. b4 Na6 19. Rb1 Rf7 20. gxf5 gxf5 21. Kh2 Nh7 22. Bh4 Qf8 23. Nb5 Bxb5 24. axb5 Nc7 25. Ne3 Bh6 26. Rg1+ Kh8 27. Nxf5 Rxf5 28. exf5 Qxf5 29. Qd3 Qf4+ 30. Bg3 Qf7 31. Rbd1 Rg8 32. Bf2 Bf4+ 33. Kh1 Ng5 34. Bf1 Ne8 35. h4 Nh7 36. Bh3 Ng7 37. Qg6 Qe7 38. Be6 Rf8 39. Bh3 Rf6 40. Qc2 Qe8 41. Qc8 Qxc8 42. Bxc8 Bh6 43. Kg2 Rf7 44. Bxa7 Nf5 45. Bxf5 Rxf5 46. Bb8 Rf6 47. Rd3 Bf8 48. Rc3 Rf4 49. Rc8 Kg7 50. Rc7+ Kh8 51. Rxb7 Rxb4 52. Bc7 Nf6 53. Rd1 e4 54. Bd8 exf3+ 55. Kxf3 Ng4 56. b6 Bg7 57. Re7 Be5 58. b7 Rf4+ 59. Ke2 Re4+ 60. Kd2 Rd4+ 61. Kc1 Rc4+ 62. Kb1 Rb4+ 63. Ka2 Ne3 64. Rd2 Nf5 65. Rxe5 1-0

[Event "Heraklio op-A 11th"]
[Site "Heraklion"]
[Date "2007.06.13"]
[Round "5"]
[White "Geroukalis, Athanasios"]
[Black "Soukos, Konstantinos"]
[Result "0-1"]
[WhiteElo "1973"]
[BlackElo "2120"]
[PlyCount "86"]
[EventDate "2007.06.09"]
[EventType "swiss"]
[EventRounds "9"]
[EventCountry "GRE"]
[SourceTitle "EXT 2008"]
[Source "ChessBase"]
[SourceDate "2007.11.25"]
[SourceVersion "1"]
[SourceVersionDate "2007.11.25"]
[SourceQuality "1"]

1. e4 e5 2. Nf3 Nc6 3. d4 exd4 4. Nxd4 Nf6 5. Bg5 h6 6. Nxc6 bxc6 7. Bh4 g5 8. Bg3 Nxe4 9. Qe2 Qe7 10. Bxc7 d5 11. Ba5 Rb8 12. Nd2 Rxb2 13. Nxe4 Qxe4 14. Qxe4+ dxe4 15. Bc3 Bb4 16. Kd2 0-0 17. Bxb4 Rxb4 18. Be2 Be6 19. a3 Ra4 20. Rhb1 f5 21. Rb4 Ra5 22. g3 Rd8+ 23. Ke3 Rc5 24. c4 Kf7 25. Rb7+ Rd7 26. Rxd7+ Bxd7 27. Kd4 Ra5 28. c5 Be6 29. Bd1 Rb5 30. Ba4 Rb2 31. Bxc6 Rxf2 32. Ke5 Rc2 33. Kd6 Kf6 34. Rd1 e3 35. Re1 f4 36. gxf4 gxf4 37. Be4 Rd2+ 38. Kc7 Ke5 39. Bf3 Bd5 40. Bd1 Rxd1 41. Rxd1 e2 42. Re1 f3 43. c6 Kf4 0-1

[Event "Heraklio op-A 11th"]
[Site "Heraklion"]
[Date "2007.06.12"]
[Round "4"]
[White "Soukos, Konstantinos"]
[Black "Liaskos, Leonidas"]
[Result "1-0"]
[WhiteElo "2120"]
[BlackElo "1890"]
[PlyCount "89"]
[EventDate "2007.06.09"]
[EventType "swiss"]
[EventRounds "9"]
[EventCountry "GRE"]
[SourceTitle "EXT 2008"]
[Source "ChessBase"]
[SourceDate "2007.11.25"]
[SourceVersion "1"]
[SourceVersionDate "2007.11.25"]
[SourceQuality "1"]

1. d4 g6 2. e4 Bg7 3. Nf3 d6 4. Bc4 Nf6 5. Qe2 0-0 6. 0-0 Bg4 7. Nbd2 Nc6 8. c3 Nh5 9. h3 Nf4 10. Qe3 Bh6 11. hxg4 Nh3+ 12. gxh3 Bxe3 13. fxe3 Na5 14. Bd3 Qd7 15. Kh2 Kg7 16. b4 Nc6 17. Bb2 a6 18. a3 f6 19. c4 e5 20. Rg1 Qe7 21. Rac1 Rh8 22. d5 Nd8 23. c5 Nf7 24. h4 Raf8 25. Bf1 h5 26. g5 fxg5 27. hxg5 Nd8 28. cxd6 cxd6 29. Bh3 Rf7 30. Rc8 Rhf8 31. Kg2 b5 32. Rgc1 Qa7 33. Kf2 a5 34. Bc3 a4 35. Ke2 Qb6 36. Bb2 Rb7 37. Nxe5 dxe5 38. Bxe5+ Kg8 39. R8c7 Rf7 40. Rc8 Rf8 41. R1c7 Qa6 42. Rxb7 Qxb7 43. Rc7 Qb8 44. Rg7+ Kh8 45. Re7+ 1-0